| 000 | 01139nam a22002535i 4500 | ||
|---|---|---|---|
| 001 | 152927 | ||
| 003 | ES-MaACL | ||
| 005 | 20250513063023.0 | ||
| 008 | 990715q17861799sp |||| | spa d | ||
| 040 |
_aCCPB | B _bspa _cCCPB | B |
||
| 100 | 1 |
_aCalderón de la Barca, Pedro, _d1600-1681 _eaut _9239594 |
|
| 245 | 1 | 0 |
_aComedia famosa. El escandalo de Grecia contra las santas imagenes / _cde ... Pedro Calderon. |
| 260 |
_aSalamanca : _ben la imprenta de la Santa Cruz : _bpor Francisco de Toxar, _c[s.a.] |
||
| 300 |
_a28 p. ; _c4º. |
||
| 594 | _aSegún el "Catálogo bibliográfico y biográfico del teatro antiguo español" de Cayetano Alberto de la Barrera y Leirado, p.547, esta comedia se cita falsamente bajo el nombre de Calderón de la Barca. | ||
| 596 | _aLos datos de publicación constan en el colofón. | ||
| 596 | _aFrancisco de Tóxar ejerce ca.: 1786-1799 según Gutiérrez del Caño. | ||
| 597 | _aSign.: A-C4, D2. | ||
| 597 | _aTexto a dos col. | ||
| 650 | 1 | 4 |
_a _9239566 |
| 852 |
_aES-MaACL _jR-3021-36 _xOlim:T-1409 _z-- Enc. pasta con hierros |
||
| 942 | _2udc | ||
| 999 |
_c152927 _d152927 |
||